001940000a2200073000450024500470000004100140004710000150006177300440007610aAnfibios desaparecenses un problema real?0 aEspañol1 aHeyer, Ron1 tConservación mundialh1q10-14 d1996